00542 2200169 4500001002100000005001500021035002000036245010200056110005100158300003000209260007100239082000800310084001400318020000600332650002400338990001000362INLIS00000000003858920250930025246 a0010-09250000711 aRaw Cocoa :bManufacturers Quality Requirements /cThe Cocoa Chocolate and Confectionery Alliance aThe Cocoa Chocolate and Confectionery Alliance a11 hlm :b- ;c21 x 15 cm aLondon; :bThe Cocoa Chocolate and Confectionery Alliance;,c1968; a641 a641 THE r a- 4aMakanan dan Minuman a38475